skbl

Dr Suryya Kumar Bhuyan Library Web-OPAC
ডঃ সূৰ্য্য
কুমাৰ ভূঞা পুথিভঁৰাল ৱেব-অ'পেক

All Research Scholars are advised to clear the annual library fees to continue using Library Resources, Remote Access, Plagiarism Test and Library Clearance.

Cotton University Book Fair 2026

An Introduction to Microeconomics / (Record no. 3447)

MARC details
000 -LEADER
fixed length control field 00770nam a2200313Ia 4500
001 - CONTROL NUMBER
control field 3459
005 - DATE AND TIME OF LATEST TRANSACTION
control field 20240113233630.0
007 - PHYSICAL DESCRIPTION FIXED FIELD--GENERAL INFORMATION
fixed length control field ta
008 - FIXED-LENGTH DATA ELEMENTS--GENERAL INFORMATION
fixed length control field 170215s1984 ii a g b000 u 465 u
020 ## - INTERNATIONAL STANDARD BOOK NUMBER
Terms of availability HB
040 ## - CATALOGING SOURCE
Original cataloging agency Cotton College,Assam
041 ## - LANGUAGE CODE
Language code of text/sound track or separate title 465
082 ## - DEWEY DECIMAL CLASSIFICATION NUMBER
Classification number 330.1
Item number Ra 211 In
100 ## - MAIN ENTRY--PERSONAL NAME
Personal name Ray, N. C..
245 #0 - TITLE STATEMENT
Title An Introduction to Microeconomics /
Statement of responsibility, etc. N. C. Ray.
Medium Textual Documents
250 ## - EDITION STATEMENT
Edition statement 2nd ed. /
260 ## - PUBLICATION, DISTRIBUTION, ETC.
Place of publication, distribution, etc. Delhi :
Name of publisher, distributor, etc. Macmillan India Ltd. ,
Date of publication, distribution, etc. 1984.
300 ## - PHYSICAL DESCRIPTION
Extent 446p. :
Other physical details ill ;
Dimensions 20cm .
504 ## - BIBLIOGRAPHY, ETC. NOTE
Bibliography, etc. note Index
653 ## - INDEX TERM--UNCONTROLLED
Uncontrolled term Economics
653 ## - INDEX TERM--UNCONTROLLED
Uncontrolled term Microeconomics
653 ## - INDEX TERM--UNCONTROLLED
Uncontrolled term G-Economics
653 ## - INDEX TERM--UNCONTROLLED
Uncontrolled term PG-Economics
942 ## - ADDED ENTRY ELEMENTS (KOHA)
Source of classification or shelving scheme Dewey Decimal Classification
Koha item type Books
Holdings
Withdrawn status Lost status Damaged status Not for loan Home library Current library Date acquired Coded location qualifier Total checkouts Full call number Barcode Date last seen Copy number Price effective from Koha item type
        Dr. Suryya Kumar Bhuyan Library Dr. Suryya Kumar Bhuyan Library 01/02/2012 00000   330.1 Ra 211 In 83465 13/01/2024 2 01/02/2012 Books
        Dr. Suryya Kumar Bhuyan Library Dr. Suryya Kumar Bhuyan Library 01/02/2012 00000   330.1 Ra 211 In 80227 13/01/2024 3 01/02/2012 Books
        Dr. Suryya Kumar Bhuyan Library Dr. Suryya Kumar Bhuyan Library 01/02/2012 00000   330.1 Ra 211 In 83450 13/01/2024 1 01/02/2012 Books

Designed and Maintained by Team SKBL
©1901-2026

Powered by Koha